| 000 | 00497nam a2200181Ia 4500 | ||
|---|---|---|---|
| 005 | 20250508151741.0 | ||
| 008 | 008 250505s9999 xx 000 0 hin d | ||
| 037 | _aBooks to be hide in OPAC | ||
| 040 |
_aFEDL _beng _cFEDL |
||
| 041 |
_ahin _2eng |
||
| 084 |
_a891.432, LAK/O _qFEDL |
||
| 100 |
_aMuktha Laxshmikant _9759890 |
||
| 245 | 0 | _aBharatraj | |
| 260 |
_aDelhi, India _bRoshan Book Depot |
||
| 300 | _a84p. | ||
| 942 |
_cHB _h891.432, LAK/O |
||
| 999 |
_c1331912 _d1331912 |
||